Raiz quadrada de 00 a 30 - Statistics

Estatísticas Gerais
  • Esse quiz foi jogado 61 vezes
  • A pontuação média é 6 de 31
Estatísticas das Respostas
Hint Resposta % Correto
0 0,000
93%
1 1,000
93%
16 4,000
85%
4 2,000
80%
9 3,000
78%
25 5,000
69%
2 1,414
24%
3 1,732
9%
5 2,236
7%
10 3,162
6%
6 2,449
2%
8 2,828
2%
12 3,464
2%
20 4,472
2%
7 2,646
0%
11 3,317
0%
13 3,606
0%
14 3,742
0%
15 3,873
0%
17 4,123
0%
18 4,243
0%
19 4,359
0%
21 4,583
0%
22 4,690
0%
23 4,795
0%
24 4,899
0%
26 5,099
0%
27 5,196
0%
28 5,292
0%
29 5,385
0%
30 5,477
0%
Nenhum quiz correspondente encontrado
Distribuição das Pontuações
Porcentagem de Pessoas com Cada Pontuação
Percentil de Números Respondidos
Sua Pontuação Histórica
Você não jogou esse quiz